| 000 | 01411nam a2200181 4500 | ||
|---|---|---|---|
| 001 | 1885 | ||
| 005 | 20230411085951.0 | ||
| 008 | 060907n2001 dr spa | ||
| 020 | _a9688569224 | ||
| 035 | _9funglode1893 | ||
| 041 | _aES | ||
| 100 | _aFornet-Betancourt, Raúl | ||
| 245 | 1 |
_aTransformaciones del marxismo : _bHistoria del marxismo en América Latina / _cRaúl Fornet-Betancourt |
|
| 260 |
_aMéxico : _bUniversidad Autónoma de Nuevo León; Plaza y Valdés Editores, _c2001 |
||
| 300 | _a417 p. | ||
| 520 | _aEtapa preparatoria o de confusa difusión del marxismo como programa socialista (1861-1883), 15. -- Etapa del inicial deslinde ideológico o la recepción del marxismo en el conflicto de los socialismos (1884-1917), 35. -- Etapa de la implantación ortodoxa o de la recepción del marxismo a través de los partidos comunistas latinoamericanos (1918/1919- 1929), 71. -- Etapa del intento de naturalizar el marxismo en América Latina o la significación de la obra de José Carlos Mariátegui (1928-1930), 123. -- Etapa de las primeras polémicas filosóficas sobre el marxismo o su incorporación al movimiento filosófico latinoamericano (1930-1940), 167. -- Etapa stalinista o época del estancamiento dogmático del marxismo (1941-1958), 225. -- Etapa de los nuevos intentos de naturalizar el marxismo en América Latina o fase actual (1959-1991), 267 | ||
| 942 |
_2lcc _cbk |
||
| 999 |
_c110153 _d110153 |
||